000 00670nam a2200193 i 4500
001 41557
003 ES-MaACL
005 20250806060938.0
007 t|
008 030311m18841887sp |||| | spa d
100 1 _aCasper, J. E.
_936334
245 1 0 _aTratado práctico de medicina legal redactado conforme a sus observaciones personales /
_cpor J.E. Casper ; traducido por Florencio Alvarez Ossorio.
260 _aMadrid :
_b[s.n.,
_c1884-1887] (
_fP. Núñez)
300 _a6 v. ;
_c19 cm.
650 0 7 _aMedicina legal
_2embne
_914928
700 1 _aAlvarez-Ossorio y Pizarro, Florencio.
_920901
852 _aES-MaACL
_jB-6678-83
999 _c41557
_d41557